| 000 | 00964nac a22003131u 4500 | ||
|---|---|---|---|
| 003 | EG-ScBUE | ||
| 005 | 20220808112403.0 | ||
| 008 | 200219t2008 enka f 000 1 eng d | ||
| 020 | _a9780194792677 | ||
| 040 |
_aEG-ScBUE _cEG-ScBUE |
||
| 082 | 0 | 4 |
_a823.7 _bAUS _222 |
| 100 | 1 |
_a Austen, Jane, _d1775-1817, _eauthor. |
|
| 245 | 1 | 0 |
_aPride and prejudice / _cJane Austen ; retold by Clare West. |
| 264 | 1 |
_aOxford ; _aNew York : _bOxford University Press, _c[2008] |
|
| 264 | 4 | _cc2008 | |
| 300 |
_a120 pages : _billustrations ; _c15 cm. |
||
| 336 |
_2rdacontent _atext _btxt |
||
| 337 |
_2rdamedia _aunmediated _bn |
||
| 338 |
_2rdacarrier _avolume _bnc |
||
| 490 | 0 |
_aOxford bookworms library ; _v6 |
|
| 500 | _aDistributer: Baccah. | ||
| 650 | 7 |
_aYoung women _vFiction. _2BUEsh |
|
| 650 | 7 |
_aCourtship _vFiction. _2BUEsh |
|
| 651 | _2BUEsh | ||
| 653 | _bHHUUEENN | ||
| 655 |
_vReading book _934232 |
||
| 700 | 1 |
_aWest, Clare, _eauthor. |
|
| 942 |
_cBB _2ddc |
||
| 999 |
_c8733 _d8733 |
||